000
00285nam a2200109Ia 4500
001
1276667
005
20260417160452.0
008
260417s9999 xx 000 0 und d
020
_a
9789944691277
245
0
_a
Ülkemin Efsaneleri
_c
İbrahim Zeki Burdurlu
260
_b
Tudem Yayınları
999
_c
1276667
_d
1276667